00212 a2200109 4500001000700000020000600007040001100013100002400024240002500048245002000073362000900093178892 a  cMagnum aCony, Carlos Heitor10aLuciana saudadelpor10aLuciana saudade0 a1899